National Assembly Library of Thailand

ประมวลพระราชดำรัสและพระบรมราโชวาทที่พระราชทานในโอกาสต่าง ๆ พุทธศักราช 2544 (ระเบียนเลขที่ 51316)

รายละเอียดในรูปแบบ MARC
000 -LEADER
fixed length control field 01091nam a22002417a 4500
005 - DATE AND TIME OF LATEST TRANSACTION
control field 20210325200925.0
008 - FIXED-LENGTH DATA ELEMENTS--GENERAL INFORMATION
fixed length control field s2545 th tha d
040 ## - CATALOGING SOURCE
Original cataloging agency NALT
041 ## - LANGUAGE CODE
Language code of text/sound track or separate title tha
050 ## - LIBRARY OF CONGRESS CALL NUMBER
Classification number PL 4209.5
Item number ภ7 2544
110 0# - MAIN ENTRY--CORPORATE NAME
Corporate name or jurisdiction name as entry element สำนักราชเลขาธิการ
245 10 - TITLE STATEMENT
Title ประมวลพระราชดำรัสและพระบรมราโชวาทที่พระราชทานในโอกาสต่าง ๆ พุทธศักราช 2544
260 ## - PUBLICATION, DISTRIBUTION, ETC.
Place of publication, distribution, etc. กรุงเทพฯ :
Name of publisher, distributor, etc. สำนักราชเลขาธิการ,
Date of publication, distribution, etc. 2545.
300 ## - PHYSICAL DESCRIPTION
Extent 772 หน้า ;
Dimensions 26 ซม.
610 ## - SUBJECT ADDED ENTRY--CORPORATE NAME
Corporate name or jurisdiction name as entry element สำนักราชเลขาธิการ
650 04 - SUBJECT ADDED ENTRY--TOPICAL TERM
Topical term or geographic name entry element คำกราบบังคมทูล
650 04 - SUBJECT ADDED ENTRY--TOPICAL TERM
Topical term or geographic name entry element พระบรมราโชวาท
650 04 - SUBJECT ADDED ENTRY--TOPICAL TERM
Topical term or geographic name entry element พระราชดำรัส
650 04 - SUBJECT ADDED ENTRY--TOPICAL TERM
Topical term or geographic name entry element พระราชดำรัสพระบรมราโชวาทคำกราบบังคมทูล
850 ## - HOLDING INSTITUTION
Holding institution NALT
942 ## - ADDED ENTRY ELEMENTS (KOHA)
Koha item type General Book
Source of classification or shelving scheme Library of Congress Classification
รายการที่มีในห้องสมุด
Withdrawn status Lost status Damaged status Not for loan Collection code Home library Current library Total Checkouts Full call number Barcode Date last seen Price effective from Koha item type
        General Book collection National Assembly Library of Thailand National Assembly Library of Thailand   PL 4209.5 ภ7 2544 3961165873 09/06/2017 09/06/2017 General Book
หอสมุดรัฐสภา
สำนักงานเลขาธิการสภาผู้แทนราษฎร เลขที่ 1111 ถนนสามเสน แขวงถนนนครไชยศรี เขตดุสิต กรุงเทพฯ 10300
The Secretariat of the House of Representatives 1111 Samsen Road, Thanon Nakhon Chai Si, Dusit, Bangkok 10300, THAILAND
โทรศัพท์: +66(0) 2242 5900 ต่อ 5714-5 โทรสาร: +66(0) 2242 5990 อีเมล: [email protected]